Nomenclaturas de actualidad para el Contador Pb︢lico

Detalles Bibliográficos
Autor principal: Torres Velasco, Julio Cšar
Formato: eBook
Lenguaje:español
Publicado: Ciudad de Mx̌ico: Instituto Mexicano de Contadores Pb︢licos, 2018
Materias:
Acceso en línea:Acceso restringido

MARC

LEADER 00000nam a22000007a 4500
005 20180518211454.0
007 cr|||| ||||
008 180518s2018 mx |||||s|||| 00||0 spa d
020 |a 978-607-8552-51-1 
035 |a 21713 
040 |a vLex 
090 |c 7975  |d 7975 
100 1 |a Torres Velasco, Julio Cšar 
245 1 0 |a Nomenclaturas de actualidad para el Contador Pb︢lico  |h [Recurso electrn̤ico] /  |c Julio Cšar Torres Velasco 
256 |a Servicio en ln̕ea 
260 |a Ciudad de Mx̌ico:  |b Instituto Mexicano de Contadores Pb︢licos,  |c 2018 
300 |a 1 recurso electrn̤ico 
506 1 |a Disponible solo en los productos indicados  |d vLex Global  |d vLex Global (Academic Edition, excluding Law Schools)  |d vLex Global (U.S. Academic Edition, Law Schools)  |d vLex Global (U.S. Academic Edition, excluding Law Schools)  |d vLex Global (Academic Edition, Law Schools) 
650 0 4 |a Economa̕ y negocios  |z Mx̌ico 
650 0 4 |a Contabilidad  |z Mx̌ico 
740 0 |a vLex Libros (Servicio en ln̕ea) 
856 4 0 |u http://vlex.com/source/nomenclaturas-de-actualidad-para-el-contador-publico-21713  |z Acceso restringido 
942 |c BOOK 
999 0 |a Economy and business 
999 0 |a Accounting